000 00444pab a2200169 454500
008 180718b2017 xxu||||| |||| 00| 0 eng d
100 _aSingh, Swadesh
245 _aTransforming rural India through skill development
260 _c2017
300 _ap.43-45.
362 _aMay
650 _aRural development - India
650 _aSkills development - India
650 _aSkills development
773 _aKurukshetra
909 _a115948
999 _c115942
_d115942